| 000 | 00914nam a22002417a 4500 | ||
|---|---|---|---|
| 005 | 20240530110616.0 | ||
| 008 | 161130s2015 ua g b 000 0 ara d | ||
| 017 |
_a2014/17970 _bمصر. دار الكتب |
||
| 020 | _a9789774279294 | ||
| 040 |
_aEG-CaGPL _cEG-CaGPL |
||
| 082 | 0 | 4 |
_221 _a111.85\ _bس ج |
| 100 | 0 | _aسعيد توفيق | |
| 245 | 1 | 0 |
_aجدل حول علم الجمال : _bدراسات على حدود مناهج البحث العلمى / _cسعيد توفيق |
| 250 | _aط.1. | ||
| 260 |
_aالقاهرة : _bالدار المصرية اللبنانية ، _c2015. |
||
| 300 |
_a197 ص. ؛ _c20 سم. |
||
| 504 | _aيشتمل على ارجاعات ببليوجرافية | ||
| 650 | 0 | 7 |
_2qrmak _aالجمال _xعلم |
| 650 | 0 | 7 |
_2qrmak _aعلم النفس الجمالى |
| 650 | 0 | 7 |
_2qrmak _aالجمال _xفلسفة |
| 942 |
_2ddc _cBK |
||
| 999 |
_c62954 _d62954 |
||